Southville International School and Colleges
Your cart is empty.
  • Cart
  • Lists
    Public lists Eva Luna New books Lux_list list_1
    Your lists Log in to create your own lists
  • Log in to your account
  • Your cookies
  • Search history
Southville International School and Colleges
  • Advanced search
  • Recent comments
  • Most popular
  • Libraries

Log in to your account

Log in with GOOGLE


If you do not have an external account, but do have a local account, you can still log in:

  1. Home
  2. MARC view: Act of valor /
Normal view MARC view ISBD view

Act of valor / (Record no. 295566)

[ view plain ]
MARC details
000 -LEADER
fixed length control field 01637cam a2200409 a 4500
001 - CONTROL NUMBER
control field 17253077
003 - CONTROL NUMBER IDENTIFIER
control field PILC
005 - DATE AND TIME OF LATEST TRANSACTION
control field 20160602091123.0
008 - FIXED-LENGTH DATA ELEMENTS--GENERAL INFORMATION
fixed length control field 120412s2012 nyu 000 1 eng d
010 ## - LIBRARY OF CONGRESS CONTROL NUMBER
LC control number 2011278098
020 ## - INTERNATIONAL STANDARD BOOK NUMBER
International Standard Book Number 9780425259351 (pbk.)
020 ## - INTERNATIONAL STANDARD BOOK NUMBER
International Standard Book Number 0425259358 (pbk.)
035 ## - SYSTEM CONTROL NUMBER
System control number (OCoLC)ocn761845988
040 ## - CATALOGING SOURCE
Original cataloging agency BTCTA
Language of cataloging eng
Transcribing agency BTCTA
Modifying agency HCO
-- BDX
-- BPT
-- DLC
042 ## - AUTHENTICATION CODE
Authentication code lccopycat
043 ## - GEOGRAPHIC AREA CODE
Geographic area code n-us---
050 00 - LIBRARY OF CONGRESS CALL NUMBER
Classification number PS 3553.O769
Item number .Ac64 2012
082 04 - DEWEY DECIMAL CLASSIFICATION NUMBER
Classification number 813/.54
245 10 - TITLE STATEMENT
Title Act of valor /
Statement of responsibility, etc screenplay written by Kurt Johnstad ; novelization written by Dick Couch and George Galdorisi.
246 3# - VARYING FORM OF TITLE
Title proper/short title Tom Clancy presents Act of valor
250 ## - EDITION STATEMENT
Edition statement Berkley premium edition.
260 ## - PUBLICATION, DISTRIBUTION, ETC. (IMPRINT)
Place of publication, distribution, etc New York :
Name of publisher, distributor, etc Berkley Books,
Date of publication, distribution, etc 2012.
300 ## - PHYSICAL DESCRIPTION
Extent xi, 320 pages ;
Dimensions 19 cm.
500 ## - GENERAL NOTE
General note At head of title: Tom Clancy presents.
520 ## - SUMMARY, ETC.
Summary, etc A novelization based on the movie inspired by true events. When the rescue of a kidnapped CIA operative leads to the discovery of a deadly terrorist plot against the U.S., a team of SEALs is dispatched on a worldwide manhunt.
610 10 - SUBJECT ADDED ENTRY--CORPORATE NAME
Corporate name or jurisdiction name as entry element United States.
Subordinate unit Navy.
-- SEALs
Form subdivision Fiction.
650 #0 - SUBJECT ADDED ENTRY--TOPICAL TERM
Topical term or geographic name as entry element Special operations (Military science)
Form subdivision Fiction.
650 #0 - SUBJECT ADDED ENTRY--TOPICAL TERM
Topical term or geographic name as entry element Terrorism
Form subdivision Fiction.
650 #0 - SUBJECT ADDED ENTRY--TOPICAL TERM
Topical term or geographic name as entry element Terrorism
General subdivision Prevention
Form subdivision Fiction.
700 1# - ADDED ENTRY--PERSONAL NAME
Personal name Johnstad, Kurt.
700 1# - ADDED ENTRY--PERSONAL NAME
Personal name Galdorisi, George,
Dates associated with a name 1948-
700 1# - ADDED ENTRY--PERSONAL NAME
Personal name Clancy, Tom,
Dates associated with a name 1947-2013.
730 0# - ADDED ENTRY--UNIFORM TITLE
Uniform title Act of valor (Motion picture)
906 ## - LOCAL DATA ELEMENT F, LDF (RLIN)
a 7
b cbc
c copycat
d 2
e ncip
f 20
g y-gencatlg
942 ## - ADDED ENTRY ELEMENTS (KOHA)
Source of classification or shelving scheme Library of Congress Classification
Koha item type Books
Holdings
Withdrawn status Lost status Source of classification or shelving scheme Damaged status Home library Current library Shelving location Date acquired Source of acquisition Sub Shelving location Total Checkouts Full call number Barcode Date last seen Price effective from Koha item type
    Library of Congress Classification   College Library College Library Fiction Section 06/02/2016 Library Fund     PS 3553.O769 .Ac64 2012 C20573 05/08/2018 06/02/2016 Books

Act of valor /

APA

Johnstad K., Galdorisi G. & Clancy T. (2012). Act of valor. New York: Berkley Books.

Chicago

Johnstad Kurt, Galdorisi George and Clancy Tom. 2012. Act of valor. New York: Berkley Books.

Harvard

Johnstad K., Galdorisi G. and Clancy T. (2012). Act of valor. New York: Berkley Books.

MLA

Johnstad Kurt, Galdorisi George and Clancy Tom. Act of valor. New York: Berkley Books. 2012.

  • Place hold
  • Print
  • Cite
  • Add to your cart (remove)
  • Save record
    BIBTEX Dublin Core MARCXML MARC (non-Unicode/MARC-8) MARC (Unicode/UTF-8) MARC (Unicode/UTF-8, Standard) MODS (XML) RIS
  • More searches
    Search for this title in:
    Other Libraries (WorldCat) Other Databases (Google Scholar) Online Stores (Bookfinder.com) Open Library (openlibrary.org)

Exporting to Dublin Core...

SOUTHVILLE LIBRARY

Southville International School and Colleges Library

1281 Tropical Ave. Cor. Luxembourg St., BF Homes International, Las Pinas City

Tel. No. 8256374 / 252358 Loc. 117/146

Powered by Koha